000 00264nam a2200097Ia 4500
082 _aAJF WEID
245 0 _aRykdom uit rommel
100 _a WEIDEMAN, George Kaapstad, 2003 2nd ed
_999738
942 _cBK
008 210817s9999 xx 000 0 und d
999 _c424450
_d424449